KP's Krishnamurti Padhdhati (Record no. 6355)

MARC details
000 -LEADER
fixed length control field 00762 a2200205 4500
005 - DATE AND TIME OF LATEST TRANSACTION
control field 20080827150551.0
008 - FIXED-LENGTH DATA ELEMENTS--GENERAL INFORMATION
fixed length control field 080827t xxu||||| |||| 00| 0 eng d
010 ## - LIBRARY OF CONGRESS CONTROL NUMBER
LC control number ENG-87293
020 ## - INTERNATIONAL STANDARD BOOK NUMBER
Terms of availability 60.00
035 ## - SYSTEM CONTROL NUMBER
System control number EN-70826
037 ## - SOURCE OF ACQUISITION
Source of stock number/acquisition DBAD / PUB
082 ## - DEWEY DECIMAL CLASSIFICATION NUMBER
Classification number 133.548
100 ## - MAIN ENTRY--PERSONAL NAME
Personal name Hariharan, K
245 ## - TITLE STATEMENT
Title KP's Krishnamurti Padhdhati
Remainder of title alone is correct
Statement of responsibility, etc by K. Hariharan
260 ## - PUBLICATION, DISTRIBUTION, ETC. (IMPRINT)
Place of publication, distribution, etc Chennai
Name of publisher, distributor, etc Krishnamurti Publications
Date of publication, distribution, etc 2001
270 ## - ADDRESS
Address F21-A, First flooor, Spencer Plaza, 769, Anna Salai
300 ## - PHYSICAL DESCRIPTION
Extent 77 p.
Dimensions 21 cm. (Pbk.)
942 ## - ADDED ENTRY ELEMENTS (KOHA)
Institution code [OBSOLETE] dpl
Koha item type English Books
Call number prefix 133.548/HAR
Source of classification or shelving scheme Dewey Decimal Classification
Classification part 133.548
Call number suffix HAR
Holdings
Withdrawn status Lost status Damaged status Not for loan Home library Current library Date acquired Cost, normal purchase price Total Checkouts Full call number Barcode Date last seen Copy number Uniform Resource Identifier Cost, replacement price Price effective from Koha item type
        D.B.Act.Division D.B.Act.Division 27/08/2008 60.00   133.548 HAR EN-70826 15/09/2008 1 6844 60.00 15/09/2008 English Books

© Delhi Public Library
Hit Counter
free hit counter